Rhyme Time Quiz Stats

 Plays Quiz Updated Nov 15, 2018

     
Support Sporcle.
Go Orange.
Score 0/16 Timer 07:00
1 Play Today
Hint Answer % Correct
Large hogBig Pig
91.8%
A comical hareFunny Bunny
91%
An incorrect balladWrong Song
84%
A pancaked fedoraFlat Hat
77%
A rapid choiceQuick Pick
70.1%
Terrifying milk productScary Dairy
69.9%
Amiable rodentsNice Mice
69.2%
Jester cityClown Town
66.6%
Hint Answer % Correct
Complimentary brewed beverageFree Tea
65.1%
A skinny royal femaleLean Queen
62.5%
Colorless research facililtyDrab Lab
55%
Firm fatHard Lard
52.5%
A rotund freshwater fishStout Trout
35.7%
Non-translucent pastryOpaque Cake
35.1%
Obsidian baggageBlack Pack
30.3%
A lazy soupSloth Broth
27.8%

From the Vault

'E' Movies by Picture

by sweett310

Movies 6m
This is the kind of quiz that is helpful with friends. Go get some! We'll wait. Go!
Remove Ads.
Support Sporcle.
Get the best of Sporcle when you Go Orange. This ad-free experience offers more features, more stats, and more fun while also helping to support Sporcle. Thank you for becoming a member.

Show Comments

Extras

Top Quizzes Today


Score Distribution

Your Account Isn't Verified!

In order to create a playlist on Sporcle, you need to verify the email address you used during registration. Go to your Sporcle Settings to finish the process.

Report this User

Report this user for behavior that violates our Community Guidelines.

Details: